[Event "Finkenstein Open"]
[Site "?"]
[Date "2000.08.13"]
[Round "2.9"]
[White "Hummel, Markus"]
[Black "Hutz, Gerhard"]
[Result "1-0"]
[WhiteElo "2174"]
[BlackElo "1890"]
[PlyCount "55"]

1. e4 e5 2. Nf3 Nc6 3. d4 exd4 4. c3 dxc3 5. Nxc3 d6 6. Bc4 Be6 7. Bxe6 fxe6 8.
Qb3 Qd7 9. Ng5 Nd8 10. f4 Be7 11. Nf3 c5 12. Be3 Nc6 13. O-O-O b6 14. Ne5 Na5
15. Qc2 Qb7 16. Qa4+ Kf8 17. Nd7+ Kf7 18. e5 Rd8 19. exd6 Rxd7 20. dxe7 Rxd1+
21. Rxd1 Nxe7 22. Ne4 Qc6 23. Ng5+ Kf6 24. Qc2 Nd5 25. Qe4 Nxe3 26. Qe5+ Kg6
27. Rd6 Qxd6 28. Qxd6 1-0

[Event "Finkenstein Open"]
[Site "?"]
[Date "2000.08.13"]
[Round "2.10"]
[White "Legat, Albert"]
[Black "Kock, Hans-Uwe"]
[Result "1/2-1/2"]
[WhiteElo "1913"]
[BlackElo "2167"]
[PlyCount "41"]

1. Nf3 Nf6 2. Nc3 g6 3. e4 d6 4. d4 Bg7 5. h3 c6 6. Be3 Nbd7 7. Be2 O-O 8. Qd2
e5 9. dxe5 dxe5 10. O-O Qe7 11. a3 Nc5 12. Bg5 Ne6 13. Rad1 Nxg5 14. Qxg5 Re8
15. Qd2 Nh5 16. Qd6 Qxd6 17. Rxd6 Bf8 18. Rd2 f6 19. Bc4+ Be6 20. Bxe6+ Rxe6
21. Rfd1 1/2-1/2

[Event "Finkenstein Open"]
[Site "?"]
[Date "2000.08.13"]
[Round "2.11"]
[White "Brauer, Christian"]
[Black "Kummer, Heinz"]
[Result "0-1"]
[WhiteElo "2160"]
[BlackElo "1878"]
[PlyCount "40"]

1. d4 Nf6 2. Nc3 d5 3. Bg5 e6 4. e4 Be7 5. e5 Nfd7 6. h4 a6 7. Qg4 Rg8 8. Bd3
g6 9. Bxe7 Qxe7 10. h5 f5 11. exf6 Nxf6 12. Qg3 gxh5 13. Qf3 Nc6 14. Nge2 Bd7
15. O-O-O O-O-O 16. Rde1 Rdf8 17. Nf4 Qg7 18. g3 Nxd4 19. Qg2 Qg5 20. Qf1 e5
0-1

[Event "Finkenstein Open"]
[Site "?"]
[Date "2000.08.13"]
[Round "2.12"]
[White "Reichenbacher, Gerhard"]
[Black "Hicker, Harald"]
[Result "0-1"]
[WhiteElo "1893"]
[BlackElo "2145"]
[PlyCount "54"]

1. e4 e5 2. Bc4 Nc6 3. Nc3 Nf6 4. d3 Be7 5. f4 d6 6. f5 Na5 7. Bb3 Nxb3 8. axb3
g6 9. fxg6 hxg6 10. Nf3 Bg4 11. Bg5 Rh5 12. Bxf6 Bxf6 13. Qd2 Bxf3 14. gxf3
Bh4+ 15. Ke2 Bg5 16. Qe1 c6 17. Qf2 a6 18. Na4 Qf6 19. Nb6 Rd8 20. Nc4 Ke7 21.
Qa7 Rh3 22. Raf1 Rd7 23. Qg1 b5 24. f4 exf4 25. Nd2 Bh6 26. c3 Qe6 27. Nf3 Qxb3
0-1

[Event "Finkenstein Open"]
[Site "?"]
[Date "2000.08.13"]
[Round "2.13"]
[White "Siegmund, Rainer"]
[Black "Grom, Waldemar"]
[Result "1/2-1/2"]
[WhiteElo "2143"]
[BlackElo "1875"]
[PlyCount "143"]

1. d4 d5 2. Nf3 Nf6 3. c4 c6 4. Nc3 e6 5. e3 Nbd7 6. Qc2 a6 7. b3 Be7 8. Bb2
O-O 9. Bd3 dxc4 10. bxc4 c5 11. O-O cxd4 12. exd4 Qc7 13. Rfe1 b6 14. Rad1 h6
15. Qe2 Bb7 16. Ne5 Nxe5 17. dxe5 Qc6 18. Qf1 Nh5 19. Be4 Qc8 20. Qe2 Nf4 21.
Qg4 g5 22. Bxb7 Qxb7 23. Ne4 Rad8 24. Qf3 Rxd1 25. Rxd1 Qc7 26. g3 Ng6 27. Nd6
Qc5 28. Qe2 Qc6 29. Qe4 Qxe4 30. Nxe4 Rc8 31. Nd6 Rc6 32. Kf1 f6 33. Rd2 fxe5
34. Ne4 Rxc4 35. f3 b5 36. a3 a5 37. Nf2 h5 38. Nd3 e4 39. fxe4 Rxe4 40. Nf2
Re3 41. Nd3 g4 42. Kf2 Rf3+ 43. Kg2 h4 44. Nf2 Bxa3 45. Nxg4 Rb3 46. Rd8+ Kf7
47. Ba1 h3+ 48. Kf2 Bb2 49. Bxb2 Rxb2+ 50. Ke3 a4 51. Ra8 Rb3+ 52. Ke4 a3 53.
Ra7+ Ke8 54. Nf6+ Kd8 55. Kd4 Kc8 56. Kc5 Ne5 57. Kb6 Kd8 58. Kc5 Rf3 59. Ne4
b4 60. Ra8+ Kc7 61. Kxb4 Re3 62. Ra7+ Kc8 63. Ra8+ Kc7 64. Ng5 Nc6+ 65. Kc5
Rc3+ 66. Kb5 e5 67. Nxh3 e4 68. Nf4 e3 69. h4 Nd4+ 70. Kb4 e2 71. Nxe2 Nxe2 72.
Rxa3 1/2-1/2

[Event "Finkenstein Open"]
[Site "?"]
[Date "2000.08.13"]
[Round "2.14"]
[White "Androsch, Guenther"]
[Black "Eichhorn, Alfred"]
[Result "0-1"]
[WhiteElo "1887"]
[BlackElo "1974"]
[PlyCount "94"]

1. e4 e6 2. d4 d5 3. e5 c5 4. c3 Nc6 5. Nf3 Bd7 6. Be2 Rc8 7. O-O Qb6 8. Qb3
Qc7 9. Na3 c4 10. Qc2 a6 11. Nb1 b5 12. Bf4 b4 13. a3 bxc3 14. Nxc3 Na5 15.
Rab1 Ne7 16. Rfd1 Nec6 17. Ng5 Nb3 18. Be3 h6 19. Nf3 Be7 20. Bf1 Qa7 21. g3
Bd8 22. Bg2 Bb6 23. Ne2 Ne7 24. g4 Ba4 25. Nc3 Bd7 26. h3 Rb8 27. Bf1 Ba5 28.
Kg2 Bc6 29. Bxc4 dxc4 30. d5 Qa8 31. dxc6 Nxc6 32. Ne4 O-O 33. Rd7 Rbc8 34.
Bxh6 Nc5 35. Bxg7 Nxe4 36. Qxe4 Kxg7 37. Qf4 Bd8 38. Rxd8 Rfxd8 39. Qf6+ Kf8
40. Qh8+ Ke7 41. Qf6+ Ke8 42. Kg3 Rd3 43. Kh4 Rxf3 44. Qxf3 Nxe5 45. Qxa8 Rxa8
46. f4 Nd3 47. Kg5 Ke7 0-1

[Event "Finkenstein Open"]
[Site "?"]
[Date "2000.08.13"]
[Round "2.15"]
[White "Bumberger, Emmerich"]
[Black "Nikolic, Stanko"]
[Result "1-0"]
[WhiteElo "1878"]
[BlackElo "2115"]
[PlyCount "57"]

1. d4 Nf6 2. f3 d5 3. e4 dxe4 4. Nc3 exf3 5. Qxf3 e6 6. Be3 Be7 7. Bd3 Nbd7 8.
Nge2 c6 9. O-O-O O-O 10. Kb1 Qa5 11. g4 e5 12. g5 Nd5 13. Nxd5 cxd5 14. dxe5
Nxe5 15. Qg2 Nxd3 16. Rxd3 Rd8 17. Nd4 Be6 18. g6 Qa6 19. gxf7+ Bxf7 20. Nf5
Bf6 21. Nh6+ Kf8 22. Bc5+ Be7 23. Bxe7+ Kxe7 24. Nf5+ Kd7 25. Qxg7 Qg6 26.
Rxd5+ Kc6 27. Ne7+ Kb6 28. Qd4+ Ka6 29. Qc4+ 1-0

[Event "Finkenstein Open"]
[Site "?"]
[Date "2000.08.13"]
[Round "2.16"]
[White "Bruns, Michael"]
[Black "Gaab, Wolfgang"]
[Result "1-0"]
[WhiteElo "2107"]
[BlackElo "1849"]
[PlyCount "59"]

1. Nf3 Nf6 2. g3 d6 3. Bg2 e5 4. d3 Nc6 5. O-O Be7 6. c4 Bg4 7. h3 Bd7 8. Nc3
Qc8 9. Kh2 h5 10. Nd5 Ng4+ 11. hxg4 hxg4+ 12. Nh4 Bxh4 13. gxh4 Qd8 14. Rh1
Rxh4+ 15. Kg1 Rxh1+ 16. Bxh1 Nd4 17. Be3 Ne6 18. d4 c6 19. Nc3 Qh4 20. Ne4 f5
21. Nxd6+ Kd8 22. Nxf5 Qh7 23. Ng3 exd4 24. Bxd4 Ke7 25. Be4 g6 26. Be5 Rd8 27.
Qd2 Bc8 28. Qe3 Qf7 29. Bg2 Qh7 30. Ne4 1-0

[Event "Finkenstein Open"]
[Site "?"]
[Date "2000.08.13"]
[Round "2.17"]
[White "Smaikic, Serif"]
[Black "Vitouch, Anatol"]
[Result "0-1"]
[WhiteElo "1878"]
[BlackElo "2084"]
[PlyCount "71"]

1. d4 Nf6 2. c4 e6 3. Nc3 Bb4 4. Qc2 c5 5. e3 cxd4 6. exd4 Nc6 7. Nf3 d5 8. a3
Bxc3+ 9. bxc3 O-O 10. Bd3 h6 11. O-O dxc4 12. Bxc4 b6 13. Ba2 Ba6 14. Re1 Qc7
15. Bb1 Ne7 16. Ne5 Rac8 17. Ng4 Ned5 18. Re3 Qc4 19. Nxf6+ Nxf6 20. h3 Qf1+
21. Kh2 Rfd8 22. Rf3 Bb7 23. Rg3 Kf8 24. Qd2 Nh5 25. Bd3 Nxg3 26. fxg3 Qf6 27.
Bb2 Qg5 28. Qf2 f5 29. Re1 Re8 30. Re5 g6 31. a4 Kg8 32. h4 Qd8 33. Bc1 h5 34.
Qf4 Qf6 35. c4 a5 36. Bb2 {Rest unklar.} 0-1

[Event "Finkenstein Open"]
[Site "?"]
[Date "2000.08.13"]
[Round "2.19"]
[White "Kranabetter, Anton"]
[Black "Lenic, Luka"]
[Result "0-1"]
[WhiteElo "1848"]
[BlackElo "2061"]
[PlyCount "126"]

1. e4 c5 2. Nf3 e6 3. d4 cxd4 4. Nxd4 Nc6 5. Bc4 Nf6 6. f3 Qc7 7. Bb3 Be7 8.
Nc3 O-O 9. Be3 a6 10. Qd2 b5 11. a3 Na5 12. Rd1 Nc4 13. Bxc4 Qxc4 14. Nb3 Qc7
15. Qd4 Bb7 16. Bg5 d5 17. exd5 Nxd5 18. Bxe7 Qxe7 19. O-O Nxc3 20. Qxc3 Rac8
21. Qd2 Rfd8 22. Qf2 Bd5 23. Nd4 Qc5 24. c3 h6 25. Rfe1 Bc4 26. Nc2 Rxd1 27.
Rxd1 Qxf2+ 28. Kxf2 Bb3 29. Rd2 Bxc2 30. Rxc2 Kf8 31. Rd2 Ke7 32. Rd4 e5 33.
Rb4 f5 34. Ke2 Rc4 35. Kd3 Rc5 36. c4 Kd6 37. a4 bxc4+ 38. Rxc4 Rd5+ 39. Kc2
Rc5 40. Kc3 a5 41. b4 axb4+ 42. Kxb4 Rd5 43. Rc2 Rd1 44. a5 Rb1+ 45. Ka4 Ra1+
46. Kb5 Rb1+ 47. Ka6 e4 48. fxe4 fxe4 49. Ka7 e3 50. a6 Ke5 51. Ka8 Kd4 52. a7
Kd3 53. Rc7 e2 54. Re7 e1=Q 55. Rxe1 Rxe1 56. Kb7 Rb1+ 57. Kc7 Ra1 58. Kb7 Ke3
59. a8=Q Rxa8 60. Kxa8 Kf2 61. g4 Kg2 62. h4 Kg3 63. g5 h5 0-1

[Event "Finkenstein Open"]
[Site "?"]
[Date "2000.08.13"]
[Round "2.20"]
[White "Gallob, Alois"]
[Black "Peierl, Walter"]
[Result "0-1"]
[WhiteElo "2045"]
[BlackElo "1801"]
[PlyCount "106"]

1. e4 e6 2. d4 d5 3. Nd2 c5 4. Ngf3 Nf6 5. e5 Nfd7 6. c3 Nc6 7. Bb5 Qb6 8. Qa4
a6 9. Bxc6 bxc6 10. Nb3 c4 11. Na5 Nb8 12. b4 cxb3 13. axb3 Bd7 14. Qa2 c5 15.
O-O cxd4 16. Nxd4 Be7 17. Be3 Qc7 18. c4 Qxe5 19. Qd2 O-O 20. Bf4 Qf6 21. Bxb8
Raxb8 22. cxd5 exd5 23. Rfc1 Bd6 24. Nac6 Rbe8 25. Qd3 Re4 26. Rxa6 Rfe8 27.
Rf1 Qg6 28. h3 Qf6 29. b4 Bxb4 30. Nxb4 Qxd4 31. Qxd4 Rxd4 32. Rd6 Be6 33. Nc6
Rd2 34. Re1 g6 35. Rd8 Kf8 36. Rd6 Rc8 37. f4 Ra8 38. Rd8+ Rxd8 39. Nxd8 Ke7
40. Nc6+ Kd6 41. Ne5 Rd4 42. g3 f6 43. Nf3 Ra4 44. h4 Bf5 45. Kf2 Ra2+ 46. Re2
Rxe2+ 47. Kxe2 Bg4 48. Ke3 Bxf3 49. Kxf3 Kc5 50. Ke3 Kc4 51. Kd2 Kd4 52. g4 Ke4
53. g5 f5 0-1

[Event "Finkenstein Open"]
[Site "?"]
[Date "2000.08.13"]
[Round "2.25"]
[White "Basagic, Zlatko"]
[Black "Rachbauer, Martin"]
[Result "1-0"]
[WhiteElo "2338"]
[BlackElo "1370"]
[PlyCount "49"]

1. e4 e6 2. d4 d5 3. Nc3 Bb4 4. Bd3 Bd7 5. Nf3 Ne7 6. e5 c5 7. dxc5 Bxc5 8. O-O
Nbc6 9. Na4 Bb6 10. Nxb6 Qxb6 11. c3 O-O 12. Bxh7+ Kxh7 13. Ng5+ Kg8 14. Qh5
Rfc8 15. Qh7+ Kf8 16. Qh8+ Ng8 17. Nh7+ Ke7 18. Bg5+ f6 19. Qxg7+ Kd8 20. exf6
Kc7 21. f7 Nce7 22. Bf4+ Kc6 23. f8=Q Rxf8 24. Nxf8 Rd8 25. c4 1-0

[Event "Finkenstein Open"]
[Site "?"]
[Date "2000.08.13"]
[Round "2.40"]
[White "Juritsch, Stefan"]
[Black "Aigner, Max"]
[Result "0-1"]
[WhiteElo "1453"]
[BlackElo "1699"]
[PlyCount "42"]

1. e4 e5 2. Nf3 Nc6 3. Bc4 d6 4. h3 Be7 5. O-O Nf6 6. d4 exd4 7. Nxd4 Nxe4 8.
Bxf7+ Kxf7 9. Qf3+ Nf6 10. Nxc6 bxc6 11. Qxc6 Bd7 12. Qf3 Re8 13. Nc3 Kg8 14.
Bg5 h6 15. Bh4 Nh7 16. Bxe7 Qxe7 17. Nd5 Qd8 18. Rfe1 Rxe1+ 19. Rxe1 Bc6 20.
Ne7+ Qxe7 21. Qb3+ Qf7 0-1

[Event "Finkenstein Open"]
[Site "?"]
[Date "2000.08.13"]
[Round "3.1"]
[White "Eichhorn, Alfred"]
[Black "Fercec, Nenad"]
[Result "0-1"]
[WhiteElo "2122"]
[BlackElo "2458"]
[PlyCount "72"]

1. e4 c5 2. Nf3 e6 3. d4 cxd4 4. Nxd4 a6 5. Nc3 Qc7 6. Bd3 Nf6 7. O-O d6 8. Be3
Be7 9. Qe2 Nbd7 10. Rae1 O-O 11. f4 b5 12. Nb1 Bb7 13. Nd2 Nc5 14. Bf2 Rfe8 15.
g4 g6 16. h3 Bf8 17. N2f3 Bg7 18. Bg3 Rac8 19. Ng5 Qc6 20. Kh2 Nfd7 21. f5 exf5
22. gxf5 Nf6 23. fxg6 fxg6 24. b4 Nxd3 25. cxd3 Qd7 26. Qd1 Nh5 27. Qb3+ d5 28.
Rf7 Re7 29. Rxe7 Qxe7 30. Bh4 h6 31. exd5 Qd6+ 32. Kg1 Bxd4+ 33. Kf1 hxg5 34.
Re6 Rc1+ 35. Ke2 Nf4+ 36. Kf3 Qxe6 0-1

[Event "Finkenstein Open"]
[Site "?"]
[Date "2000.08.13"]
[Round "3.2"]
[White "Horvath, Peter"]
[Black "Bruns, Michael"]
[Result "1-0"]
[WhiteElo "2434"]
[BlackElo "2107"]
[PlyCount "75"]

1. d4 Nf6 2. Nf3 g6 3. c4 Bg7 4. g3 b6 5. Bg2 Bb7 6. O-O O-O 7. Re1 e6 8. Nc3
d5 9. Ne5 Nbd7 10. Bf4 Ne4 11. Nxd7 Qxd7 12. Qc2 Nxc3 13. bxc3 Ba6 14. cxd5
exd5 15. e4 Bc4 16. e5 Rfe8 17. h4 c5 18. Kh2 cxd4 19. cxd4 f5 20. exf6 Bxf6
21. Be5 Qf7 22. Re3 Bxe5 23. dxe5 d4 24. Rf3 Qc7 25. Rf6 Rac8 26. Rc6 Qf7 27.
Qxc4 Qxc4 28. Rxc4 Rxc4 29. Bd5+ Kg7 30. Bxc4 Rxe5 31. Rd1 b5 32. Bb3 Re4 33.
Kg2 Kf6 34. Bd5 Re2 35. Rxd4 Ke5 36. Rd3 a5 37. Bg8 Rb2 38. Rb3 1-0

[Event "Finkenstein Open"]
[Site "?"]
[Date "2000.08.13"]
[Round "3.3"]
[White "Kiss, Attila"]
[Black "Vitouch, Anatol"]
[Result "1-0"]
[WhiteElo "2338"]
[BlackElo "2084"]
[PlyCount "139"]

1. d4 Nf6 2. c4 e6 3. g3 d5 4. Bg2 c6 5. Nf3 Nbd7 6. Qc2 Be7 7. O-O O-O 8. b3
Ne4 9. Nbd2 f5 10. a4 a5 11. Ba3 Bxa3 12. Rxa3 Qf6 13. e3 g5 14. Rd1 g4 15. Ne1
Qg5 16. Nd3 Ndf6 17. Ne5 Bd7 18. Raa1 Be8 19. Rab1 Nd7 20. Nd3 Rc8 21. Nf4 Bf7
22. Rdc1 Qe7 23. Qb2 b6 24. Bf1 Nxd2 25. Qxd2 e5 26. Nd3 Qf6 27. Nxe5 Nxe5 28.
dxe5 Qxe5 29. c5 Rb8 30. cxb6 Rxb6 31. Qxa5 Rfb8 32. Qc3 Qxc3 33. Rxc3 Be8 34.
Bd3 Bd7 35. Bc2 Kf7 36. Rd1 Rb4 37. Kf1 Ke6 38. Ke2 Kd6 39. h3 gxh3 40. f4 Rg8
41. Kf2 Rg6 42. Rh1 Rh6 43. Kg1 c5 44. Kh2 c4 45. Rd1 Kc5 46. bxc4 Rxc4 47.
Rxc4+ Kxc4 48. Rd4+ Kc5 49. Bd1 Re6 50. Rd3 Ra6 51. Rc3+ Kb4 52. Rc7 Bxa4 53.
Bxa4 Rxa4 54. Kxh3 Ra3 55. Re7 Kc4 56. Re5 Kd3 57. Kg2 Ra2+ 58. Kf3 d4 59. Rd5
Ra4 60. exd4 Rxd4 61. Rxf5 Rd7 62. Ra5 Re7 63. f5 Kd4 64. Kf4 Rg7 65. g4 h6 66.
Ra6 Rh7 67. Rd6+ Kc5 68. Rd1 Kc6 69. f6 Ra7 70. Kf5 1-0

[Event "Finkenstein Open"]
[Site "?"]
[Date "2000.08.13"]
[Round "3.4"]
[White "Lenic, Luka"]
[Black "Fucak, Emilijo"]
[Result "0-1"]
[WhiteElo "2061"]
[BlackElo "2334"]
[PlyCount "76"]

1. e4 c5 2. Nf3 g6 3. d4 cxd4 4. Qxd4 f6 5. Nc3 Nc6 6. Qd1 d6 7. Bc4 Bg4 8. h3
Bxf3 9. Qxf3 Ne5 10. Bb5+ Kf7 11. Qe2 a6 12. Ba4 Rc8 13. Bb3+ Ke8 14. Be6 Rc6
15. f4 Nf7 16. Be3 Qa5 17. Qg4 f5 18. exf5 Ngh6 19. Bxf7+ Kxf7 20. fxg6+ hxg6
21. Qf3 Bg7 22. Bd2 Nf5 23. Ne4 Qb5 24. Ng5+ Ke8 25. c3 Qxb2 26. Rc1 Qxa2 27.
g4 Nh6 28. Qe4 d5 29. Qe2 Qc4 30. Qxc4 Rxc4 31. Ke2 Nf7 32. Nxf7 Kxf7 33. Kd3
Rhc8 34. Rhf1 b5 35. f5 d4 36. fxg6+ Kxg6 37. Ra1 R8c6 38. Rfe1 dxc3 0-1

[Event "Finkenstein Open"]
[Site "?"]
[Date "2000.08.13"]
[Round "3.5"]
[White "Jeric, Simon"]
[Black "Wagner, Stephan"]
[Result "1-0"]
[WhiteElo "2333"]
[BlackElo "2044"]
[PlyCount "109"]

1. c4 c5 2. Nc3 Nc6 3. g3 Nf6 4. Bg2 d6 5. a3 Bd7 6. Rb1 a5 7. e4 g6 8. Nge2
Bg7 9. O-O Nh5 10. h3 f5 11. d3 O-O 12. Nb5 Bc8 13. exf5 gxf5 14. Bg5 h6 15.
Be3 e5 16. Nec3 Nf6 17. Nd5 Nxd5 18. Bxd5+ Kh7 19. Qh5 Qe7 20. Rbe1 Bd7 21. f4
Be8 22. Qf3 Rc8 23. g4 Bg6 24. gxf5 Bxf5 25. Be4 Kh8 26. Nc3 Qh4 27. Bxf5 Rxf5
28. Qg4 Qh5 29. Ne4 Rd8 30. Ng3 Qxg4 31. hxg4 Rf7 32. f5 b6 33. Kg2 Nd4 34.
Bxd4 cxd4 35. Rh1 Kg8 36. Kf3 d5 37. b3 Rc7 38. Rc1 a4 39. cxd5 Rxc1 40. Rxc1
axb3 41. Rb1 Rxd5 42. Rxb3 b5 43. Ne4 Kf7 44. Rxb5 Rxb5 45. Nd6+ Kf6 46. Nxb5
h5 47. Nd6 hxg4+ 48. Kxg4 Bf8 49. Ne4+ Kg7 50. a4 Bb4 51. Kg5 Ba5 52. f6+ Kf7
53. Kf5 Bc7 54. Ng5+ Ke8 55. Ke6 1-0

[Event "Finkenstein Open"]
[Site "?"]
[Date "2000.08.13"]
[Round "3.6"]
[White "Scholvin, Erich"]
[Black "Sebenik, Matej"]
[Result "1-0"]
[WhiteElo "2039"]
[BlackElo "2287"]
[PlyCount "143"]

1. d4 Nf6 2. Nf3 g6 3. Nc3 d5 4. Bf4 Bg7 5. e3 O-O 6. Be2 c5 7. Ne5 Nc6 8. O-O
cxd4 9. exd4 Qb6 10. Nxc6 bxc6 11. Na4 Qd8 12. Nc5 Nd7 13. Nxd7 Bxd7 14. c3 f6
15. b4 e5 16. Be3 Be6 17. a3 Qc7 18. Qd2 Rae8 19. Rae1 Rf7 20. Ba6 Bc8 21. Be2
Kh8 22. c4 Rd7 23. dxe5 fxe5 24. cxd5 Rxd5 25. Qc1 Bf5 26. Bc4 Rd7 27. Rd1 Red8
28. Bg5 Rxd1 29. Rxd1 Rd4 30. Be3 Rd7 31. h3 h5 32. Rxd7 Qxd7 33. Bb3 Bd3 34.
Qc5 a6 35. Qb6 Bf6 36. Qb8+ Qd8 37. Qb7 Qe8 38. Qc7 Be4 39. Qb7 Bd3 40. Bf7 Qe7
41. Qc8+ Qd8 42. Qxc6 Kg7 43. Bb3 e4 44. Qe6 Qf8 45. Bc5 Qd8 46. Qf7+ Kh6 47.
h4 Bg7 48. Be7 Qc8 49. Bg5+ Kh7 50. Be3 Qf8 51. Qd5 Bf6 52. g3 Bg7 53. Qe6 Bb2
54. a4 Qg7 55. Qd5 Be5 56. Kg2 Bc3 57. b5 axb5 58. axb5 Be2 59. b6 Bf3+ 60. Kh2
Be5 61. b7 Bb8 62. Qd8 Qh8 63. Qg5 Qf8 64. Bd5 Qg7 65. Bf4 e3 66. Bxf3 exf2 67.
Bg2 f1=Q 68. Bxf1 Bxf4 69. gxf4 Qxb7 70. Bd3 Qb6 71. Qxh5+ Kg7 72. Qxg6+ 1-0

[Event "Finkenstein Open"]
[Site "?"]
[Date "2000.08.13"]
[Round "3.7"]
[White "Neulinger, Manfred"]
[Black "Schlanitz, Egon"]
[Result "1-0"]
[WhiteElo "2286"]
[BlackElo "2042"]
[PlyCount "53"]

1. e4 g6 2. d4 Bg7 3. Nc3 c6 4. Bc4 d6 5. Nf3 Nf6 6. Bb3 Bg4 7. h3 Bxf3 8. Qxf3
O-O 9. Bg5 Nbd7 10. O-O-O Qa5 11. Qe3 c5 12. Bh6 b5 13. Bxg7 Kxg7 14. dxc5 Nxc5
15. e5 Nxb3+ 16. cxb3 dxe5 17. Qxe5 a6 18. g4 h6 19. f4 Kh7 20. Kb1 Ra7 21. g5
Nh5 22. Nd5 e6 23. Qd6 Rc8 24. b4 Qa4 25. Nc3 Rxc3 26. bxc3 a5 27. Qf8 1-0

[Event "Finkenstein Open"]
[Site "?"]
[Date "2000.08.13"]
[Round "3.8"]
[White "Kummer, Heinz"]
[Black "Keller, Manfred"]
[Result "0-1"]
[WhiteElo "1878"]
[BlackElo "2200"]
[PlyCount "58"]

1. e4 Nf6 2. e5 Nd5 3. c4 Nb6 4. d4 d6 5. f4 dxe5 6. fxe5 Bf5 7. Nc3 e6 8. a3
Nc6 9. Be3 Qd7 10. Be2 Rd8 11. Nf3 Bg4 12. O-O Bxf3 13. Rxf3 Nxd4 14. Bxd4
Qxd4+ 15. Qxd4 Rxd4 16. Raf1 Rd7 17. b4 Nc8 18. g3 Be7 19. Rd1 Rxd1+ 20. Bxd1
O-O 21. Rd3 Rd8 22. Rxd8+ Bxd8 23. Kf2 Nb6 24. Bf3 c6 25. b5 Nxc4 26. bxc6 bxc6
27. Bxc6 Nxa3 28. Kf3 Nc4 29. Ke4 Nxe5 0-1

[Event "Finkenstein Open"]
[Site "?"]
[Date "2000.08.13"]
[Round "3.9"]
[White "Peierl, Walter"]
[Black "Hummel, Markus"]
[Result "0-1"]
[WhiteElo "1801"]
[BlackElo "2174"]
[PlyCount "108"]

1. e4 c5 2. d4 cxd4 3. c3 Nf6 4. e5 Nd5 5. Bc4 Nb6 6. Bb3 d6 7. Nf3 Nc6 8. exd6
Qxd6 9. O-O Be6 10. Bxe6 Qxe6 11. cxd4 Rd8 12. Nc3 Nd5 13. Re1 Nxc3 14. bxc3
Qc4 15. Qb3 Qxb3 16. axb3 e6 17. Bb2 Be7 18. b4 a6 19. Rad1 O-O 20. Nd2 Rd7 21.
Nb3 Rfd8 22. Kf1 Kf8 23. f4 Bd6 24. g3 Ne7 25. Rd3 Nd5 26. Nc5 Rc7 27. Red1 Ke8
28. Kf2 a5 29. Ne4 axb4 30. Nxd6+ Rxd6 31. cxb4 Rc2+ 32. R3d2 Rdc6 33. b5 Rxd2+
34. Rxd2 Rb6 35. f5 exf5 36. Ba3 Rxb5 37. Re2+ Kd7 38. Bf8 g6 39. Re5 Ra5 40.
Bc5 Kc6 41. Re8 b6 42. Bf8 Ra2+ 43. Kg1 Ra7 44. Rd8 Rd7 45. Rc8+ Kb5 46. Rc1
Rc7 47. Rb1+ Kc4 48. Bg7 b5 49. Be5 Rd7 50. Rc1+ Kd3 51. Kf2 b4 52. Bg7 b3 53.
Rc5 b2 54. Rb5 Nc3 0-1

[Event "Finkenstein Open"]
[Site "?"]
[Date "2000.08.13"]
[Round "3.10"]
[White "Hicker, Harald"]
[Black "Bumberger, Emmerich"]
[Result "1-0"]
[WhiteElo "2145"]
[BlackElo "1878"]
[PlyCount "59"]

1. Nf3 c5 2. c4 b6 3. g3 Bb7 4. Bg2 g5 5. d4 g4 6. Nh4 Bxg2 7. Nxg2 cxd4 8.
Qxd4 Nf6 9. Nc3 Nc6 10. Qf4 h5 11. Nd5 Nxd5 12. cxd5 Na5 13. Qe5 f6 14. Qf5 Qc7
15. Bf4 d6 16. Rc1 Qd7 17. Qg6+ Kd8 18. O-O Qb5 19. Bxd6 Qxb2 20. Bc7+ Kd7 21.
Qf5+ Ke8 22. d6 Nb7 23. d7+ Kf7 24. Qd5+ e6 25. Qxb7 Be7 26. d8=Q Raxd8 27.
Bxd8 Rxd8 28. Rc7 Qa3 29. Nf4 h4 30. Qe4 1-0

[Event "Finkenstein Open"]
[Site "?"]
[Date "2000.08.13"]
[Round "3.12"]
[White "Kock, Hans-Uwe"]
[Black "Thallinger, Werner"]
[Result "1-0"]
[WhiteElo "2167"]
[BlackElo "1855"]
[PlyCount "55"]

1. d4 c5 2. d5 e5 3. e4 d6 4. Nf3 Be7 5. g3 f5 6. Bb5+ Bd7 7. Bxd7+ Qxd7 8.
exf5 Qxf5 9. O-O Nf6 10. c4 O-O 11. Kg2 Qg4 12. Nfd2 Qxd1 13. Rxd1 Ng4 14. Ne4
Nd7 15. Nbc3 a6 16. a4 h6 17. Rb1 Rab8 18. f3 Ngf6 19. Nf2 g5 20. g4 a5 21. Ne2
Ne8 22. h4 Kg7 23. Ng3 Kg6 24. Nf5 Rxf5 25. gxf5+ Kxf5 26. hxg5 hxg5 27. Ne4 g4
28. Ng3+ 1-0

[Event "Finkenstein Open"]
[Site "?"]
[Date "2000.08.13"]
[Round "3.13"]
[White "Schmid, Johann"]
[Black "Siegmund, Rainer"]
[Result "0-1"]
[WhiteElo "1840"]
[BlackElo "2143"]
[PlyCount "80"]

1. d4 Nf6 2. Nf3 e6 3. Bf4 c5 4. e3 d5 5. c3 Nbd7 6. Bd3 Be7 7. h3 b6 8. O-O
Bb7 9. Qa4 c4 10. Be2 a6 11. Nbd2 b5 12. Qc2 O-O 13. a3 Qb6 14. Rae1 Bd6 15.
Ne5 Bxe5 16. dxe5 Ne4 17. Bf3 Ndc5 18. Be2 Nxd2 19. Qxd2 Nb3 20. Qc2 a5 21. Bd1
b4 22. axb4 axb4 23. Qe2 Nc1 24. Qg4 f5 25. exf6 Rxf6 26. Bc2 Nd3 27. Bxd3 cxd3
28. Be5 Rg6 29. Qd4 Qxd4 30. Bxd4 d2 31. Ra1 Rxa1 32. Rxa1 e5 33. Bxe5 d4 34.
g4 dxe3 35. Bf4 Ra6 36. Rb1 Bf3 37. cxb4 exf2+ 38. Kxf2 d1=Q 39. Rxd1 Bxd1 40.
Be5 Re6 0-1

[Event "Finkenstein Open"]
[Site "?"]
[Date "2000.08.13"]
[Round "3.14"]
[White "Grom, Waldemar"]
[Black "Kuttnig, Roland"]
[Result "1-0"]
[WhiteElo "1875"]
[BlackElo "2072"]
[PlyCount "57"]

1. c4 e5 2. Nc3 Nf6 3. g3 c6 4. e4 d5 5. cxd5 cxd5 6. exd5 Nxd5 7. Bg2 Be6 8.
a3 Nc6 9. Nge2 Be7 10. O-O O-O 11. d4 exd4 12. Nxd4 Nxd4 13. Qxd4 Bf6 14. Qe4
Nxc3 15. bxc3 Qd7 16. Be3 b6 17. Rad1 Qc7 18. Bd4 Bxd4 19. cxd4 Rad8 20. d5 Bc8
21. Rfe1 Qd6 22. Qa4 Rd7 23. Bh3 Rc7 24. Bxc8 Rfxc8 25. Re8+ Rxe8 26. Qxe8+ Qf8
27. Re1 f6 28. d6 Rc1 29. Qxf8+ 1-0

[Event "Finkenstein Open"]
[Site "?"]
[Date "2000.08.13"]
[Round "3.15"]
[White "Scholvin, Bjorn"]
[Black "Legat, Albert"]
[Result "1/2-1/2"]
[WhiteElo "1929"]
[BlackElo "1913"]
[PlyCount "72"]

1. e4 c5 2. Nf3 Nc6 3. Bb5 Nd4 4. Nxd4 cxd4 5. O-O Qb6 6. a4 a6 7. Bc4 g6 8. c3
Bg7 9. Na3 e6 10. Nc2 dxc3 11. dxc3 Ne7 12. Ra2 O-O 13. Be3 Qc6 14. Qd3 f5 15.
exf5 Nxf5 16. Nd4 Nxd4 17. Bxd4 Bxd4 18. Qxd4 b6 19. Raa1 Bb7 20. f3 Qc7 21.
Rad1 Bc6 22. Bb3 d5 23. Rfe1 Rae8 24. Re2 Rf4 25. Qf2 b5 26. Bxd5 exd5 27.
Rxe8+ Bxe8 28. axb5 Bxb5 29. Rxd5 Rf7 30. h3 Rd7 31. Qd4 Rxd5 32. Qxd5+ Qf7 33.
Qd8+ Kg7 34. Qd4+ Qf6 35. Qa7+ Kh6 36. Qc5 Qf5 1/2-1/2

[Event "Finkenstein Open"]
[Site "?"]
[Date "2000.08.13"]
[Round "3.17"]
[White "Graber, Josef"]
[Black "Brauer, Christian"]
[Result "1/2-1/2"]
[WhiteElo "1785"]
[BlackElo "2160"]
[PlyCount "70"]

1. e4 d6 2. d4 Nf6 3. Nc3 c6 4. Nf3 Nbd7 5. Be2 e5 6. Bg5 Be7 7. Qd2 Qc7 8. O-O
O-O 9. a4 Re8 10. Rfe1 Nf8 11. h3 Ne6 12. Be3 a6 13. Bc4 b6 14. Bb3 Rb8 15.
Rad1 b5 16. axb5 axb5 17. d5 Nd4 18. Bxd4 exd4 19. Nxd4 b4 20. Nb1 c5 21. Nc6
Ra8 22. e5 dxe5 23. Rxe5 Bd6 24. Rxe8+ Nxe8 25. Re1 Bd7 26. Qe2 Nf6 27. Qf3 Ra1
28. Kf1 Qb6 29. Nd2 Rxe1+ 30. Kxe1 Qa6 31. Nc4 Bf8 32. N6e5 Be8 33. Kd2 Nd7 34.
Qe4 Nf6 35. Qf3 Nd7 1/2-1/2

[Event "Finkenstein Open"]
[Site "?"]
[Date "2000.08.13"]
[Round "3.18"]
[White "Kreisl, Robert"]
[Black "Giessmann, Andreas"]
[Result "0-1"]
[WhiteElo "1745"]
[BlackElo "2122"]
[PlyCount "78"]

1. e4 d5 2. d4 dxe4 3. Nc3 Nf6 4. f3 e3 5. Bxe3 e6 6. Bc4 c6 7. Nge2 Be7 8. Qd2
O-O 9. O-O b6 10. Rad1 Nd5 11. Nxd5 cxd5 12. Bd3 Ba6 13. Bxa6 Nxa6 14. c3 Nc7
15. Bf4 Rc8 16. Nc1 Ne8 17. Nd3 Nd6 18. Bxd6 Bxd6 19. Ne5 Qc7 20. f4 b5 21. Rc1
Rfd8 22. g3 Qb7 23. Nd3 Rc7 24. b4 g6 25. Nc5 Qc6 26. a3 a5 27. Ra1 Ra7 28. Nb3
Bc7 29. Nc5 Rda8 30. Qb2 h5 31. Rfe1 Kg7 32. Kf1 h4 33. Kf2 Rh8 34. Rh1 Qa8 35.
Nb3 axb4 36. cxb4 hxg3+ 37. hxg3 Rxh1 38. Rxh1 Rxa3 39. Na5 Ra4 0-1